| 000 | 01135nam a22002055i 4500 | ||
|---|---|---|---|
| 001 | 153225 | ||
| 003 | ES-MaACL | ||
| 005 | 20251010145331.0 | ||
| 008 | 021016s1894 sp |||| | spa d | ||
| 040 |
_aCCPB | B _bspa _cCCPB | B |
||
| 245 | 0 | 0 |
_aConcepto y tratamiento modernos de las diarreas infantiles _b: discursos leídos ante la Real Academia de Medicina y Cirugía de Barcelona en la recepción del dr. Andrés Martínez Vargas : discurso de contestación del dr. Rafael Rodríguez Méndez : 24 febrero 1894. |
| 260 |
_aBarcelona : _b[s.n.], _c1894 ( _ftipografía de Balmas, Casamajó y compª.) |
||
| 300 |
_a95 p. ; _c25 cm. |
||
| 505 | 8 | _aContiene: Discurso / Andrés Martínez Vargas, p. 1-78. Discurso de contestación / del Dr. Rafael Rodríguez Méndez, p 79-95 | |
| 650 | 4 |
_aDiarrea en niños. _9157047 |
|
| 700 | 1 |
_aRodríguez Méndez, Rafael, _d1845-1919 _998660 |
|
| 700 | 1 |
_aMartínez Vargas, Andrés, _d1861-1948 _978464 |
|
| 852 |
_aES-MaACL _jT-836-F-5 _z-- Enc. hol. conservando la cub. original _z-- Dedicatoria ms. del autor al Ateneo de Madrid _z-- Enc. en un vol. facticio |
||
| 999 |
_c153225 _d153225 |
||